01668nam a2200349 a 450000100100000000500170001000800410002702000180006804000250008608200170011110000300012824000440015824501580020226000620036030000360042250000710045850000580052950400330058759000270062065000290064765000240067665000440070065000330074465000270077765000520080470000440085691000370090095201290093795201150106695201200118199900170130100003972720260224100502.0130718s2010 dr ac 000 0 spa d a9780963910042 aDO-SdBNPbspacBNPHU a649.1bF523L1 aFirestone, Lillian96591810aThe forgotten languaje of childrenlspa13aEl lenguaje olvidado de los niños :bdescubriendo la valentía, la creatividad y la conciencia /cLillian Firestone ; prólogo Tenzin Robert Thurman. aSanto Domingo :bBúho,c2010g(2da. reimpresión 2013) a319 p. :bil., retrs. ;c24 cm. aIncluye datos biográficos del autor en la solapa de la cubierta. aLa biblioteca posee una segunda impresión del 2013. aBibliografía : p. 317-319. aInventariado, 2018/ YL 0aCrianza de niños94212 4aPadres e hijos9796 4aEducación para la vida familiar92729 4aEducación en el hogar9798 4aManejo de niños9799 4aActividades creativas y trabajo de clase9659191 aThurman, Tenzin Robert,epról.965920 aValidado. Control de calidad EMS 001054708DSaGRbGRcHDd2013-07-18iLF1l0o649.1 F523Lp39727-30r2020-06-25te.3w2020-06-25yLFDSZPréstamo en sala 0010718PDaPDbPDcHDd2013-07-18iLF1l0o649.1 F523Lp39727-10r2020-06-25w2020-06-25yLFPDZNo se presta 0010718PDaPDbPDcHDd2013-07-18iLF1l0o649.1 F523Lp39727-20r2020-06-25te.2w2020-06-25yLFPDZNo se presta c39217d39217